The crucible of redemption. (Record no. 12252)

000 -LEADER
fixed length control field 00622nam a2200205 a 4500
001 - CONTROL NUMBER
control field :::00010054$&:&@@
003 - CONTROL NUMBER IDENTIFIER
control field OkBaRHE
005 - DATE AND TIME OF LATEST TRANSACTION
control field 20000607103355.0
008 - FIXED-LENGTH DATA ELEMENTS--GENERAL INFORMATION
fixed length control field s1968 j 000 0 eng u
040 ## - CATALOGING SOURCE
Transcribing agency
100 1# - MAIN ENTRY--PERSONAL NAME
Personal name Marney, Carlyle, 1916-
245 14 - TITLE STATEMENT
Title The crucible of redemption.
260 ## - PUBLICATION, DISTRIBUTION, ETC. (IMPRINT)
Place of publication, distribution, etc Wake Forest, NC., :
Name of publisher, distributor, etc Chanticleer Publishing Co.
Date of publication, distribution, etc c1968
300 ## - PHYSICAL DESCRIPTION
Extent 63 p. ;
Dimensions 20 cm.
650 ## - SUBJECT ADDED ENTRY--TOPICAL TERM
Topical term or geographic name as entry element Baptists
General subdivision Sermons
650 ## - SUBJECT ADDED ENTRY--TOPICAL TERM
Topical term or geographic name as entry element Holy-Week Sermons
650 ## - SUBJECT ADDED ENTRY--TOPICAL TERM
Topical term or geographic name as entry element Sermons, American
942 ## - ADDED ENTRY ELEMENTS (KOHA)
Source of classification or shelving scheme
Koha item type Books
Copies
Permanent Location Barcode Full call number Damaged status Not for loan Shelving location Withdrawn status Price effective from Lost status Date last seen Source of classification or shelving scheme Copy number Date acquired Koha item type
RHEMA Bible Training College10054BV 4298 .M34  General Stacks 2010-04-14 2010-04-14 12010-04-14Books